| 000 | 01344cam a22002415a 4500 | ||
|---|---|---|---|
| 001 | L139275 | ||
| 008 | 070724e20070721xxk f f000 0 eng d | ||
| 035 | _a(Sirsi) u139275 | ||
| 041 | 0 | _aeng | |
| 050 | 0 | 4 | _a696.1 $2 18 |
| 110 | 1 |
_aUnited Kingdom _bDepartment for Communities and Local Government _94939 |
|
| 245 | 0 | 0 |
_aBuilding a greener future _bpolicy statement _h[electronic resource] |
| 260 |
_aLondon _bDCLG _c2007 |
||
| 520 | _aPublished in support of the Housing Green Paper 2007 (L139252). Describes the UK Government's policy intentions regarding low carbon housing. The headline objective is to ensure that all new housing is zero carbon by 2016. Energy efficiency building regulations are to be tightened progressively up to this date. The major steps will be a 25% increase in efficiency by 2010, and 44% by 2013. This paper also responds to major queries raised in response to the related consultation paper (L135908). | ||
| 590 | _aKA NTK | ||
| 650 | 2 | 4 | _aHOUSING GREEN PAPER 2007 |
| 650 | 2 | 4 | _aBUILDING REGULATIONS 2000 |
| 651 | 4 |
_aUnited Kingdom _y |
|
| 690 | _aPROPERTY-RESIDENTIAL PROPERTY-RESIDENTIAL PROPERTY DEVELOPMENT | ||
| 690 | _aBUILT ENVIRONMENT-BUILDING STANDARDS | ||
| 856 | 4 | 0 |
_uhttps://www.communities.gov.uk/index.asp?id=1511895 _zView the item free of charge at www.communities.gov.uk... |
| 942 | _n0 | ||
| 999 |
_c107287 _d107287 |
||